000 00354nam a2200145Ia 4500
008 150201s2011 xx 000 0 und d
082 _a614.1
_bF11U
100 _aUMADITHAN , B.
245 _aFORENSIC MEDICINE FOR POLICE
250 _a1ST
260 _bBHAROT PUB.
_aDELHI
_c2011
300 _a1-326
650 _aFORENSIC MEDICINE
942 _2ddc
_cBK
_02
999 _c1272
_d1272